000 00578cam a22002054a 4500
005 20250605163401.0
008 250528s ||||||||||||||||||||||||d
035 _a18046
020 _a978960340956
040 _aGR-AtMCL
_bgre
_dGR-AtMCL
_eAACR2
245 1 _aΗ ΨΥΧΟΛΟΓΙΑ ΣΤΟ ΧΩΡΟ ΤΗΣ ΥΓΕΙΑΣ
250 _a8
260 _bΕλληνικά Γράμματα,
_c1999
300 _a263
700 1 _aΑναγνωστοπουλος Φωτιος
700 1 _aΠαπαδατου Δαναη
942 _cBK
999 _c3438
_d3438